Statystyki dla Stolice Regionów - Czechy

Kliknij tutaj aby rozwiązać quiz!

Ogólne statystyki

  • Ten quiz został rozwiązany 232 razy
  • Średni wynik to 10 z 14

Statystyki odpowiedzi

RegionMiasto% Poprawnych
PragaPraga
99%
Kraj ŚrodkowoczeskiPraga
99%
Kraj LibereckiLiberec
84%
Kraj PilznieńskiPilzno
84%
Kraj PołudniowomorawskiBrno
81%
Kraj OłomunieckiOłomuniec
81%
Kraj MorawskośląskiOstrawa
78%
Kraj ZlińskiZlin
70%
Kraj PardubickiPardubice
68%
Kraj HradeckiHradec Kralove
59%
Kraj KarlowarskiKarlowe Wary
56%
Kraj PołudniowoczeskiCzeskie Budziejowice
36%
Kraj UsteckiUście nad Łabą
31%
WysoczynaIgława
24%

Rozkład punktacji

Percentyl według liczby udzielonych odpowiedzi

Procent ludzi z każdym wynikiem

Twoja historia wyników

Nie rozwiązałeś tego quizu